| 000 | 00589nam a2200193 a 4500 | ||
|---|---|---|---|
| 001 | 1771063879652 | ||
| 003 | YourLibrary | ||
| 005 | 20260214154421.0 | ||
| 008 | 260214s2005##################000#0#eng## | ||
| 020 | _a9783631532126 | ||
| 082 | 0 | 4 |
_a306.44 _bMUH |
| 100 | 1 |
_aMuhr, Rudolf, _eauthor. |
|
| 245 | 1 | 0 | _aStandard variations and language ideologies in different language cultures around the world : |
| 260 |
_bPeter Lang Pub Incorporated, _c2005. |
||
| 300 | _a426 pages | ||
| 650 | 0 | _aLanguage Arts & Disciplines. | |
| 942 | _cENGLISH | ||
| 040 |
_aYourLibrary _beng _cYourLibrary |
||
| 999 |
_c612462 _d612462 |
||